00443cam a22001571 450000500170000002000280001704000340004508200120007910000250009124500490011626000510016530000270021654600090024365000080025270000250026020251006080724.0 a 8175342897cTZS 3516/= aMCCLbeng.eAACR 2nd rev. ed. a347 CAR1 aCardozo, Benjamin N.10aThe growth of the lawc/ Benjamin N. Cardozo aNew Delhi:bUniversal law publishing, cc2005. aviii , 145p. :c18 cm. aeng. 0aLaw aCardozo, Benjamin N.